000 00391nam a2200145Ia 4500
008 151213s9999 xx 000 0 und d
100 _aBeverly Amchin
245 _aLiterature : The Readers Choice
_cBeverly Amchin
260 _aNew Yeork
_bMc Graw Hill
_c2002
300 _a1974 p.
650 _aEnglish Language
650 _aEnglish Language
700 _aBeverly Amchin
999 _c1443
_d1443